Commutative algebra (Record no. 168517)

MARC details
000 -LEADER
fixed length control field 00388nam a2200157Ia 4500
008 - FIXED-LENGTH DATA ELEMENTS--GENERAL INFORMATION
fixed length control field 230917s9999||||xx |||||||||||||| ||und||
040 ## - CATALOGING SOURCE
-- 240073
Original cataloging agency VIVEKANANDA LIBRARY
041 ## - Language
-- English
082 ## - DDC NUMBER
Classification number 512.24 K89C(2)
100 ## - MAIN ENTRY--PERSONAL NAME
Personal name Krishnan, N S Gopala
245 #0 - TITLE STATEMENT
Title Commutative algebra
250 ## - EDITION STATEMENT
Edition statement 2nd ed.
260 ## - PUBLICATION, DISTRIBUTION, ETC. (IMPRINT)
Place of publication, distribution, etc Hyderabad
Name of publisher, distributor, etc Universities Press
Date of publication, distribution, etc 2017
300 ## - PHYSICAL DESCRIPTION
Pages x, 265 p.
942 ## - ADDED ENTRY ELEMENTS (KOHA)
Koha item type Books
Holdings
Withdrawn status Lost status Damaged status Not for loan Location (home branch) Sublocation or collection (holding branch) Date acquired Koha issues (times borrowed) Koha full call number Accession No. Koha date last seen Koha item type
        VIVEKANANDA LIBRARY VIVEKANANDA LIBRARY 25/04/2017   512.24 K89C(2) 312690 17/09/2023 Books
        VIVEKANANDA LIBRARY VIVEKANANDA LIBRARY 25/04/2017   512.24 K89C(2) 312691 17/09/2023 Books
        VIVEKANANDA LIBRARY VIVEKANANDA LIBRARY 25/04/2017   512.24 K89C(2) 312692 17/09/2023 Books
        VIVEKANANDA LIBRARY VIVEKANANDA LIBRARY 25/04/2017   512.24 K89C(2) 312693 17/09/2023 Books
        VIVEKANANDA LIBRARY VIVEKANANDA LIBRARY 25/04/2017   512.24 K89C(2) 312694 17/09/2023 Books
© Designed and Maintained by Vivekananda Library, MDU Rohtak